| 000 | 00625nam a2200181Ia 4500 | ||
|---|---|---|---|
| 003 | GCL | ||
| 008 | 140319s9999 xx 000 0 ara d | ||
| 040 |
_aGCL / _cGCL |
||
| 082 | 0 | 4 |
_a935.02 _bع ن |
| 100 | 1 | _aعبدالهادى الفؤادى | |
| 245 | 1 | 0 |
_aالنصوص المدرسية القرصية الشكل / _cعبدالهادى الفؤادى |
| 260 |
_a[S.N] : _bالمؤسسة العامة للاثار ، _c1979 |
||
| 490 |
_aنصوص فى المتحف العراقى _v0 |
||
| 650 | 0 | 4 | _aالتعليم |
| 650 | 0 | 4 | _aالبابليون |
| 650 | 0 | 4 | _aحضارة العراق القديمة |
| 942 |
_2ddc _cBK |
||
| 999 |
_c35965 _d35965 |
||